Devinez le Pays Mystère #136 - Statistiques

Statistiques générales
  • Ce quiz a été pris 306 fois
    172 depuis la dernière actualisation
  • Le résultat moyen est 14 sur 17
Statistiques - réponses
Type de Réponse Réponse % Correct
Lettre Trouvée E
98%
Lettre Trouvée I
95%
Lettre Bien Placée E
93%
Lettre Trouvée L
93%
Lettre Trouvée O
92%
Lettre Trouvée N
90%
Lettre Trouvée T
89%
Lettre Bien Placée I
84%
Lettre Trouvée E
82%
Lettre Bien Placée T
82%
Lettre Bien Placée O
80%
Lettre Bien Placée N
78%
Lettre Bien Placée E
77%
Lettre Bien Placée L
71%
Pays Mystère Lettonie
71%
Lettre Bien Placée T
71%
Lettre Trouvée T
71%
Aucun quiz correspondant
Distribution des résultats
% des personnes avec chaque résultat
Percentile par nombre de réponses
Votre historique - résultats
Vous n’avez pas pris ce quiz depuis la dernière actualisation